| 000 | 01456nam a2200217Ia 4500 | ||
|---|---|---|---|
| 999 |
_c30425 _d30425 |
||
| 003 | OSt | ||
| 005 | 20210304105637.0 | ||
| 008 | 160316s2011 xxu||||| |||| 00| 0 eng d | ||
| 020 | _a9780314933492 | ||
| 040 | _cNLS | ||
| 082 | _a346.048 WEI-I | ||
| 100 | _aWeikers Ronald N | ||
| 245 | _aData security and privacy law Vol. I | ||
| 260 |
_aNew York _bWest Publishing Co. _c2011 |
||
| 300 |
_a882p _cVaries |
||
| 365 | _bRs.15,697 Vols | ||
| 505 | _aContents; Volume-1; Chapter 1. Electronic Security Risks and the Need for Privacy; Chapter 2. Security and Privacy in the Networked World; Chapter 3. Technical Security Measures; Chapter 4. [Reserved]; Chapter 5. Corporate Risk Management; Chapter 6. Data Security Statutes; Chapter 7. Data Privacy Statutes; Chapter 8. Civil Litigation: Security; Chapter 9. Privacy Litigation; Volume 2; Chapter 10. Corporate Security and Privacy Duties, Policies and Forms; Chapter 11. European Union Data Protection; Chapter 12. Health Care Privacy and the Health Insurance Portability and Accountability Act of 1996; Chapter 13. Banking, Financial, and Insurance Industries; Chapter 14. Insurance Coverage for Cyber Losses; Chapter 15. Criminal Statutes and Case Law; Table of Laws and Rules' Table of Cases; Index. | ||
| 650 | _a1. Data Protection - Law & Legislation - U S A2. Privacy - Right - U S A 3. Computer Security - Law & Legislation - U S A | ||
| 700 |
_a _a |
||
| 942 |
_2ddc _cBK |
||